Word Scramble - Vegetables - Statistics

General Stats
  • This quiz has been taken 991 times
    891 since last reset
  • The average score is 9 of 10
Answer Stats
Gibberish Vegetable % Correct
omatto Tomato
98%
ekel Leek
95%
epa Pea
95%
tebe Beet
94%
eoilv Olive
94%
mya Yam
94%
opatto Potato
93%
mkinpup Pumpkin
92%
shquas Squash
92%
cdaovao Avocado
91%
gcrlia Garlic
91%
niono Onion
91%
lebl preepp Bell Pepper
90%
nocr Corn
90%
bremucuc Cucumber
90%
cocbrilo Broccoli
86%
toracr Carrot
82%
nuptir Turnip
79%
hicicuzn Zucchini
78%
yrecle Celery
69%
ferlowucialu Cauliflower
67%
lantpgeg Eggplant
65%
paljonea Jalapeno
58%
No matching quizzes found
Score Distribution
Percent of People with Each Score
Percentile by Number Answered
Your Score History
You have not taken this quiz since the last reset